Wien, Weltkulturerbe : Der Stand der Dinge /

Salvato in:
Dettagli Bibliografici
Altri autori: Wehdorn, Manfred (Redattore)
Natura: Libro
Lingua:tedesco
inglese
Pubblicazione: Wien Urban Development Vienna 2006
Soggetti:
Tags: Aggiungi Tag
Nessun Tag, puoi essere il primo ad aggiungerne!!

MARC

LEADER 00000nam a22000003a 4500
001 0005797
003 SK-STU
005 20150630110851.9
007 ta
008 150630s ----xo-----e------000-0-----d
020 |a 978-3-902015-97-6 
020 |a 3-902015-97-7 
040 |a STU  |b slo 
041 0 |a ger 
041 0 |a eng 
044 |a au 
100 1 |a Wehdorn, Manfred  |r Z6  |4 edt 
245 1 0 |a Wien, Weltkulturerbe :  |b Der Stand der Dinge /  |c ed. Manfred Wehdorn 
260 |a Wien  |b Urban Development Vienna  |c 2006 
300 |a 184 s.  |b 2000 ks 
650 0 7 |a Viedeň 
650 0 7 |a Wien 
650 0 7 |a Vienna 
650 0 7 |a námestie 
650 0 7 |a historická budova 
650 0 7 |a mestský urbanizmus 
650 0 7 |a súčasná architektúra 
650 0 7 |a reprezentatívna budova 
996 |b 284AU06468  |c A* 9392/U  |l AAKNAR  |s A  |a 24  |w 0005797_0001